Provinces du Canada par les deux Premières Lettres - Statistiques

Statistiques générales
  • Ce quiz a été pris 168 fois
  • Le résultat moyen est 10 sur 13
Réponses sur la Carte
Les réponses sont colorées sur une échelle allant du rouge au vert en fonction du pourcentage des utilisateurs qui les ont devinées à leur premier essai. Vous pouvez retrouver ces pourcentages ci-dessous.
 
Statistiques - réponses
Province / Territoire % Correct
Québec
93%
Ontario
81%
Nouveau-Brunswick
78%
Nouvelle-Écosse
78%
Terre-Neuve-et-Labrador
78%
Territoires du Nord-Ouest
78%
Alberta
76%
Colombie-Britannique
76%
Manitoba
76%
Saskatchewan
72%
Nunavut
69%
Yukon
67%
Île-du-Prince-Édouard
66%
Aucun quiz correspondant
Distribution des résultats
% des personnes avec chaque résultat
Percentile par nombre de réponses
Votre historique - résultats
Vous n’avez pas pris ce quiz